000 00738nam a22002297a 4500
999 _c1142
_d1142
001 13235
003 BD-DhUAP
005 20200203113332.0
008 200203s2005 bg |||| b||| 000 0 eng d
020 _a9848470492
040 _aBD-DhAAL
_cBD-DhAAL
_bEng
_dBD-DhUAP
082 _223
_a340.068 JOY
100 _aJoy, Belal Husain.
245 _aLaw management skills :
_ban overview of Bangladesh legal system with commitment to legal capacity building /
_cBelal Husain Joy.
260 _aDhaka :
_bBangladesh law book co.,
_cc2005.
300 _axx, 460 pages ;
_c23 cm.
505 _aIncludes bbibliographical references
650 _aLaw and legislation.
_91613
650 _aLaw management.
942 _2ddc
_cBK